Statistiques concernant Départements limitrophes de l'Aveyron

Cliquez ici pour prendre le quiz!

Statistiques générales

  • Ce quiz a été pris 53 fois
  • Le résultat moyen est 6 sur 7

Statistiques - réponses

Département% Correct
Tarn
98%
Lozère
95%
Hérault
93%
Cantal
91%
Lot
88%
Gard
77%
Tarn-et-Garonne
74%

Distribution des résultats

Percentile par nombre de réponses

% des personnes avec chaque résultat

Votre développement - résultats

Vous n’avez pas pris ce quiz